000 00649nam a22001457a 4500
999 _c518687
_d518687
008 211008b ||||| |||| 00| 0 eng d
100 _aDhar, Daipayan
_929798
245 _aAn essay on economic inequality: Genesis of envy and happiness
260 _aArtha Vijnana
300 _a63(2), Mar, 2021: p.194-208
520 _aWith the recent advancement in economics the idea of rationality has been redesigned to analyses the human behavior when it comes to decisions making. At present it is also trying to understand various aspects such as envy and happiness. – Reproduced
773 _aArtha Vijnana
906 _aHAPPINESS
942 _cAR